00869nam a2200217 a 4500008004100000020002200041245012100063260004900184300002600233500002000259504004100279650006700320651004300387650003900430700001600469700002100485710011800506003000100624005001700625040000900642  a8124102031 (pbk.)00aStructural adjustment, public policy and bureaucracy in developing societies /cedited by R.B. Jain, Heinz Bongartz. aNew Delhi :bHar-Anand Publications,cc1994. axvi, 421 p. ;c22 cm. aIncludes index. aIncludes bibliographical references. 0aStructural adjustment (Economic policy)xDeveloping countries. 0aDeveloping countriesxEconomic policy. 0aBureaucracyzDeveloping countries.1 aJain, R. B.1 aBongartz, Heinz.2 aInternational Political Science Association.bResearch Committee on Public Bureaucracies in Developing Societies.20230123133735.0 cNUST